Statistics for Top Box Office Stars Since 2000

Click here to take the quiz!

General Stats

  • This quiz has been taken 22,291 times
    (21,727 since last reset)
  • The average score is 15 of 47

Answer Stats

Years Star % Correct
2013, 2012, 2011, 2009, 2005, 2004, 2001Brad Pitt
79%
2007, 2006, 2005, 2004, 2003, 2002, 2001, 2000Tom Cruise
68%
2013, 2012, 2011, 2010, 2006, 2004, 2002Leonardo DiCaprio
67%
2011, 2010, 2009, 2007Matt Damon
61%
2010, 2008, 2005Angelina Jolie
60%
2011, 2010, 2009, 2008, 2007, 2006, 2005, 2001, 2000George Clooney
58%
2013, 2010, 2009, 2007, 2006, 2005, 2004, 2003, 2002, 2000Tom Hanks
58%
2008, 2007, 2006, 2005, 2004, 2001Will Smith
55%
2013Jennifer Lawrence
53%
2013, 2012, 2011, 2010, 2009, 2008Robert Downey, Jr.
51%
2004, 2003, 2001, 2000Julia Roberts
50%
2001Ben Affleck
49%
2012, 2011, 2010, 2009, 2007, 2006, 2005, 2003Johnny Depp
48%
2011, 2009Meryl Streep
46%
2008Christian Bale
38%
2013, 2011, 2009Sandra Bullock
37%
2013, 2012, 2010, 2009, 2007, 2006, 2004, 2002, 2001Denzel Washington
36%
2000Martin Lawrence
36%
2008, 2005, 2004Adam Sandler
33%
2008, 2000Harrison Ford
31%
2013, 2011Bradley Cooper
31%
2013, 2012Hugh Jackman
30%
2011Ben Stiller
28%
2003, 2002, 2001Nicole Kidman
28%
2012, 2010Anne Hathaway
27%
2012, 2008Daniel Craig
27%
2004, 2003, 2000Jim Carrey
27%
2007, 2006, 2003Will Ferrell
25%
2002Catherine Zeta-Jones
24%
2007, 2003, 2001, 2000Russell Crowe
23%
2003Jack Nicholson
22%
2012Mark Wahlberg
22%
2002 , 2000Mel Gibson
21%
2002Vin Diesel
19%
2008, 2005, 2002Reese Witherspoon
19%
2000Eddie Murphy
18%
2012Daniel Day-Lewis
18%
2007, 2004Nicolas Cage
18%
2010Steve Carell
15%
2001Jackie Chan
15%
2009, 2008Shia LaBeouf
14%
2002Mike Myers
14%
2003Renée Zellweger
13%
2005Vince Vaughn
12%
2013Melissa McCarthy
9%
2006Dakota Fanning
6%
2006Sacha Baron Cohen
5%

Score Distribution

Percentile by Number Answered

Percent of People with Each Score

Your Score History

You have not taken this quiz since the last reset